[Event "CCT Chessable Masters Play-In 2025"]
[Site "Online"]
[Date "2025.02.17"]
[Round "7.59"]
[White "Kourkoulos-Arditis, Stamatis"]
[Black "Sethuraman, S.P."]
[Result "0-1"]
[WhiteElo "2580"]
[BlackElo "2557"]
[PlyCount "54"]
[EventDate "2025.02.13"]
[EventType "swiss"]
[EventCountry "NET"]

1. Nf3 c5 2. g3 Nc6 3. Bg2 g6 4. d4 cxd4 5. Nxd4 Bg7 6. Nxc6 bxc6 7. O-O Nf6 8. c4 O-O 9. Nc3 d6 10. Bxc6 Bh3 11. Bg2 Bxg2 12. Kxg2 Rc8 13. Qd3 Qc7 14. b3 d5 15. Bf4 dxc4 16. Qf3 e5 17. Bg5 e4 18. Nxe4 Nxe4 19. Qxe4 Bxa1 20. Rxa1 c3 21. Rc1 Rfe8 22. Qf3 c2 23. Be3 Red8 24. Qg4 Rd1 25. Qg5 Qc6+ 26. f3 Re8 27. Kf2 Qc3 0-1

[Event "CCT Chessable Masters Play-In 2025"]
[Site "Online"]
[Date "2025.02.17"]
[Round "7.60"]
[White "Bilguun, Sumiya"]
[Black "Moroni, Luca Jr"]
[Result "1-0"]
[WhiteElo "2460"]
[BlackElo "2552"]
[PlyCount "69"]
[EventDate "2025.02.13"]
[EventType "swiss"]
[EventCountry "NET"]

1. e4 c5 2. Nc3 Nc6 3. Bb5 Qc7 4. Nge2 a6 5. Bxc6 dxc6 6. d3 e5 7. O-O Bd6 8. f4 f6 9. fxe5 Bxe5 10. Bf4 Ne7 11. Bxe5 Qxe5 12. Qe1 Be6 13. Qf2 O-O-O 14. Na4 c4 15. d4 Qxe4 16. Nc5 Qg4 17. h3 Qf5 18. Qe3 Nd5 19. Qxe6+ Qxe6 20. Nxe6 Rde8 21. N2f4 Ne3 22. Nxg7 Reg8 23. Nfe6 Nxf1 24. Rxf1 h5 25. Rxf6 Rh7 26. Nf5 h4 27. c3 b6 28. Nf8 Rc7 29. Ng6 Kb7 30. Nd6+ Ka7 31. Nxc4 Rd8 32. Nge5 Kb7 33. Nd6+ Ka7 34. Ndf7 Rf8 35. Nxc6+ 1-0

[Event "CCT Chessable Masters Play-In 2025"]
[Site "Online"]
[Date "2025.02.17"]
[Round "7.61"]
[White "Bartel, Mateusz"]
[Black "Cuenca Jimenez, Jose Fernando"]
[Result "1-0"]
[WhiteElo "2629"]
[BlackElo "2479"]
[PlyCount "95"]
[EventDate "2025.02.13"]
[EventType "swiss"]
[EventCountry "NET"]

1. d4 d5 2. Nf3 Nf6 3. c3 e6 4. Bg5 h6 5. Bh4 g5 6. Bg3 Ne4 7. Nfd2 Nxg3 8. hxg3 c5 9. e3 Nc6 10. Nf3 Qb6 11. Qb3 Bg7 12. Nbd2 Bd7 13. Be2 O-O 14. g4 Qxb3 15. axb3 b6 16. Bb5 Rfd8 17. Bxc6 Bxc6 18. Ne5 Be8 19. f4 f6 20. Nef3 Bg6 21. g3 Bd3 22. Kf2 Rf8 23. Rhe1 e5 24. f5 h5 25. gxh5 Bxf5 26. dxc5 bxc5 27. Ra5 Rfc8 28. e4 dxe4 29. Nxe4 Bxe4 30. Rxe4 Rab8 31. Nd2 f5 32. Re2 Rb7 33. g4 fxg4 34. Ne4 Rxb3 35. Nxc5 Rb6 36. Ne4 Rh6 37. Ng3 a6 38. Kg2 Rb6 39. Nf5 Rcb8 40. Kg3 Rxb2 41. Rxb2 Rxb2 42. Rxa6 Rc2 43. Ra8+ Bf8 44. Rc8 Kf7 45. Rc6 e4 46. h6 Bxh6 47. Nxh6+ Ke7 48. Nxg4 1-0

[Event "CCT Chessable Masters Play-In 2025"]
[Site "Online"]
[Date "2025.02.17"]
[Round "7.62"]
[White "Mekhitarian, Krikor Sevag"]
[Black "Zhukova, Natalia"]
[Result "1-0"]
[WhiteElo "2508"]
[BlackElo "2306"]
[PlyCount "49"]
[EventDate "2025.02.13"]
[EventType "swiss"]
[EventCountry "NET"]

1. Nf3 d5 2. c4 e6 3. d4 Nf6 4. Nc3 dxc4 5. e4 b5 6. Nxb5 Nxe4 7. Bxc4 Bb4+ 8. Kf1 c6 9. Nc3 Nxc3 10. bxc3 Bxc3 11. Rb1 O-O 12. Qd3 Ba5 13. Ng5 g6 14. h4 e5 15. h5 Bf5 16. Qb3 Qxd4 17. Be3 Qc3 18. Bxf7+ Kg7 19. Qxc3 Bxc3 20. Rb7 Nd7 21. hxg6 hxg6 22. Be6 Rad8 23. Bxd7 Rxd7 24. Rxd7+ Bxd7 25. Rh7+ 1-0

[Event "CCT Chessable Masters Play-In 2025"]
[Site "Online"]
[Date "2025.02.17"]
[Round "7.63"]
[White "Nasuta, Grzegorz"]
[Black "Gharibyan, Mamikon"]
[Result "1-0"]
[WhiteElo "2506"]
[BlackElo "2473"]
[PlyCount "79"]
[EventDate "2025.02.13"]
[EventType "swiss"]
[EventCountry "NET"]

1. e4 e5 2. Nf3 Nc6 3. Bc4 Bc5 4. d3 Nf6 5. Nc3 d6 6. Na4 Bb6 7. a3 O-O 8. O-O Ne7 9. Nxb6 axb6 10. h3 Ng6 11. Re1 Re8 12. d4 exd4 13. Qxd4 Bd7 14. Bg5 Ne5 15. Nxe5 dxe5 16. Qe3 h6 17. Bxh6 gxh6 18. Qxh6 Nh7 19. Bxf7+ Kh8 20. Bxe8 Bxe8 21. Qe6 Qf6 22. Qxf6+ Nxf6 23. f3 Kg7 24. g4 b5 25. Kf2 Kg6 26. h4 Bf7 27. Red1 Be6 28. Kg3 Ra6 29. Rd8 b4 30. Rb8 bxa3 31. Rxa3 Rb6 32. b3 Nd7 33. Rd8 Rc6 34. c4 b6 35. Ra1 Nc5 36. Rh1 Bf7 37. h5+ Kh6 38. Rf8 Rf6 39. g5+ Kxg5 40. h6 1-0

[Event "CCT Chessable Masters Play-In 2025"]
[Site "Online"]
[Date "2025.02.17"]
[Round "7.64"]
[White "Blohberger, Felix"]
[Black "Meshkovs, Nikita"]
[Result "1/2-1/2"]
[WhiteElo "2532"]
[BlackElo "2531"]
[PlyCount "124"]
[EventDate "2025.02.13"]
[EventType "swiss"]
[EventCountry "NET"]

1. d4 Nf6 2. Nf3 e6 3. e3 c5 4. b3 b6 5. Bb2 Bb7 6. Bd3 Be7 7. Nbd2 cxd4 8. exd4 d6 9. O-O Nbd7 10. a3 Nd5 11. Re1 Nf4 12. Bf1 Nf6 13. g3 Ng6 14. Bb5+ Nd7 15. h4 a6 16. Bd3 Nf6 17. Ng5 Nd5 18. Qh5 Bxg5 19. hxg5 Qd7 20. c4 Nde7 21. d5 e5 22. f4 h6 23. fxe5 dxe5 24. Bxe5 hxg5 25. Qxg5 O-O-O 26. Ne4 Nxe5 27. Qxe5 Ng6 28. Qd4 Qh3 29. Re2 f5 30. Ng5 Qh1+ 31. Kf2 Rh2+ 32. Ke3 Re8+ 33. Ne6 Rxe2+ 34. Bxe2 Qh2 35. Kd2 f4 36. Qxg7 Rxe6 37. Qg8+ Kc7 38. Qxe6 Qxg3 39. Rh1 Nf8 40. Qe7+ Nd7 41. Rh7 Bc8 42. Qe5+ Kb7 43. Qe6 Qxb3 44. Rxd7+ Bxd7 45. Qxd7+ Kb8 46. Qe8+ Ka7 47. Qe7+ Kb8 48. Qf8+ Ka7 49. Qe7+ Kb8 50. Qd8+ Kb7 51. Qd7+ Kb8 52. Qd6+ Ka7 53. Qc7+ Ka8 54. d6 Qe3+ 55. Kd1 Qb3+ 56. Ke1 Qg3+ 57. Kd2 Qe3+ 58. Kd1 Qb3+ 59. Ke1 Qg3+ 60. Kf1 Qh3+ 61. Ke1 Qc3+ 62. Kd1 Qb3+ 1/2-1/2

[Event "CCT Chessable Masters Play-In 2025"]
[Site "Online"]
[Date "2025.02.17"]
[Round "7.65"]
[White "Vetokhin, Savva"]
[Black "Pantsulaia, Levan"]
[Result "1-0"]
[WhiteElo "2533"]
[BlackElo "2522"]
[PlyCount "55"]
[EventDate "2025.02.13"]
[EventType "swiss"]
[EventCountry "NET"]

1. d4 c5 2. dxc5 e6 3. Nf3 Bxc5 4. g3 Qb6 5. e3 d5 6. Bg2 Nf6 7. O-O O-O 8. b3 Nc6 9. Bb2 Be7 10. Nbd2 Rd8 11. Qe2 Bd7 12. c4 Be8 13. cxd5 Nxd5 14. Rac1 Rac8 15. Nc4 Qa6 16. Ba1 Ndb4 17. a3 Nd3 18. Rcd1 Nc5 19. b4 Nb3 20. Bxg7 Rxd1 21. Rxd1 Nxb4 22. Nfe5 f6 23. Bxf6 Bxf6 24. Qg4+ Bg7 25. Rd6 b6 26. Rxe6 Kh8 27. Be4 Bxe5 28. Re7 1-0

[Event "CCT Chessable Masters Play-In 2025"]
[Site "Online"]
[Date "2025.02.17"]
[Round "7.66"]
[White "Nigmatov, Ortik"]
[Black "Lie, Kjetil A."]
[Result "1-0"]
[WhiteElo "2505"]
[BlackElo "2489"]
[PlyCount "139"]
[EventDate "2025.02.13"]
[EventType "swiss"]
[EventCountry "NET"]

1. e4 c5 2. Nf3 g6 3. g3 Bg7 4. Bg2 Nc6 5. O-O e5 6. d3 Nge7 7. c3 O-O 8. a3 a5 9. a4 d6 10. Na3 h6 11. Nd2 Be6 12. Nb5 f5 13. Nc4 Nc8 14. Bh3 d5 15. exd5 Bxd5 16. Re1 Nb6 17. Ncd6 Rf6 18. c4 Be6 19. Bg2 Qe7 20. Be3 Nd7 21. Nxb7 Bf7 22. Qd2 Kh7 23. Nc7 Ndb8 24. Nd5 Qxb7 25. Nxf6+ Bxf6 26. Bxc5 Nd7 27. Be3 Rc8 28. Bxh6 f4 29. gxf4 Kxh6 30. fxe5+ Bg5 31. f4 Bh4 32. e6 Bxe1 33. Rxe1 Nf6 34. f5+ Kg7 35. exf7 Qxf7 36. Kh1 Ne7 37. fxg6 Nxg6 38. Qxa5 Rh8 39. Qb6 Qd7 40. Re6 Rf8 41. Qd6 Qxa4 42. Qc7+ Rf7 43. Qg3 Qa1+ 44. Re1 Qxb2 45. Rg1 Nh5 46. Qg5 Nhf4 47. Be4 Qf6 48. Qg4 Re7 49. c5 Rc7 50. c6 Rxc6 51. Qd7+ Kh6 52. Qxc6 Qxc6 53. Bxc6 Ne5 54. Be4 Nfxd3 55. Bxd3 Nxd3 56. Rg3 Nf4 57. Rf3 Nh5 58. Kg2 Kg5 59. Ra3 Nf4+ 60. Kf3 Nh5 61. Ra4 Nf6 62. Rd4 Nh5 63. h4+ Kg6 64. Rd6+ Nf6 65. Kf4 Kg7 66. Kf5 Ng8 67. Rd7+ Kh6 68. Rf7 Kh5 69. Rh7+ Nh6+ 70. Kf6 1-0

[Event "CCT Chessable Masters Play-In 2025"]
[Site "Online"]
[Date "2025.02.17"]
[Round "7.67"]
[White "Quintiliano, Renato R."]
[Black "Yang, Kaiqi"]
[Result "1-0"]
[WhiteElo "2515"]
[BlackElo "2481"]
[PlyCount "61"]
[EventDate "2025.02.13"]
[EventType "swiss"]
[EventCountry "NET"]

1. Nf3 d5 2. e3 Nf6 3. c4 c6 4. Nc3 a6 5. Qc2 g6 6. d4 Bg7 7. Bd3 dxc4 8. Bxc4 b5 9. Bb3 O-O 10. O-O c5 11. dxc5 Bb7 12. e4 Nc6 13. Rd1 Qc7 14. Nd5 Nxd5 15. exd5 Nb4 16. Qe4 a5 17. c6 Bc8 18. a3 Bf5 19. Qe2 Na6 20. Nd4 Nc5 21. Nxf5 Nxb3 22. Nxe7+ Kh8 23. d6 Qa7 24. Be3 Qa6 25. Rab1 Rfe8 26. d7 Rxe7 27. d8=Q+ Re8 28. Qdd3 a4 29. Qxb5 Qc8 30. Qf3 Re5 31. Qb7 1-0

[Event "CCT Chessable Masters Play-In 2025"]
[Site "Online"]
[Date "2025.02.17"]
[Round "8.2"]
[White "Nihal Sarin"]
[Black "Vachier-Lagrave, Maxime"]
[Result "1/2-1/2"]
[WhiteElo "2687"]
[BlackElo "2729"]
[PlyCount "93"]
[EventDate "2025.02.13"]
[EventType "swiss"]
[EventCountry "NET"]

1. d4 Nf6 2. Nf3 g6 3. Bg5 Bg7 4. Nbd2 O-O 5. e3 d6 6. Bc4 Nbd7 7. O-O c5 8. a4 b6 9. a5 bxa5 10. Bb3 Rb8 11. Re1 Ba6 12. Qb1 Bb5 13. Ra3 Qb6 14. Qa2 a4 15. Bxa4 Bxa4 16. Nc4 Qb5 17. Rxa4 Nb6 18. Nxb6 axb6 19. Ra7 e6 20. Bxf6 Bxf6 21. c3 Qc6 22. Ra1 Rb7 23. Ra6 Kg7 24. h3 Rc8 25. Qb3 d5 26. dxc5 Qxc5 27. R1a4 b5 28. Rb4 Rcb8 29. Nd4 Bxd4 30. exd4 Qc7 31. g3 h5 32. h4 g5 33. hxg5 h4 34. Kg2 hxg3 35. fxg3 Qd8 36. g6 Kxg6 37. Qc2+ Kg7 38. Qe2 Qg5 39. Ra1 Rh8 40. Rf1 Qh6 41. Qe5+ Kg8 42. Ra1 Qd2+ 43. Kf3 Qd3+ 44. Kf4 Qd2+ 45. Kf3 Qd3+ 46. Kf4 Qd2+ 47. Kf3 1/2-1/2

[Event "CCT Chessable Masters Play-In 2025"]
[Site "Online"]
[Date "2025.02.17"]
[Round "8.3"]
[White "Lu, Shanglei"]
[Black "Lazavik, Denis"]
[Result "1/2-1/2"]
[WhiteElo "2618"]
[BlackElo "2572"]
[PlyCount "53"]
[EventDate "2025.02.13"]
[EventType "swiss"]
[EventCountry "NET"]

1. e4 e5 2. Nf3 Nc6 3. Bc4 Nf6 4. Ng5 d5 5. exd5 Na5 6. Bb5+ c6 7. dxc6 bxc6 8. Bd3 Nd5 9. Nf3 Bd6 10. Nc3 Nf4 11. O-O Nxd3 12. cxd3 O-O 13. Re1 c5 14. Nxe5 Re8 15. Nc4 Bxh2+ 16. Kxh2 Qh4+ 17. Kg1 Bg4 18. Rxe8+ Rxe8 19. Qf1 Nxc4 20. dxc4 Bf3 21. d3 Bxg2 22. Kxg2 Qg4+ 23. Kh2 Qh4+ 24. Kg1 Qg4+ 25. Kh2 Qh4+ 26. Kg1 Qg4+ 27. Kh2 1/2-1/2

[Event "CCT Chessable Masters Play-In 2025"]
[Site "Online"]
[Date "2025.02.17"]
[Round "8.4"]
[White "Sadhwani, Raunak"]
[Black "Yu, Yangyi"]
[Result "1/2-1/2"]
[WhiteElo "2666"]
[BlackElo "2715"]
[PlyCount "72"]
[EventDate "2025.02.13"]
[EventType "swiss"]
[EventCountry "NET"]

1. e4 e5 2. Nf3 Nf6 3. d4 Nxe4 4. Bd3 d5 5. Nxe5 Bd6 6. O-O O-O 7. Nc3 Nxc3 8. bxc3 Nd7 9. Nxd7 Qxd7 10. Qh5 f5 11. Qf3 c6 12. c4 dxc4 13. Bxc4+ Kh8 14. Bf4 Qc7 15. Bxd6 Qxd6 16. c3 Bd7 17. Rfe1 Rae8 18. Bb3 b6 19. h3 Be6 20. Re5 Bxb3 21. axb3 Rxe5 22. dxe5 Qxe5 23. Qxc6 h6 24. Rd1 a5 25. Qxb6 Qxc3 26. Qe3 Qxe3 27. fxe3 Rb8 28. Rd5 Rxb3 29. Rxa5 Rxe3 30. Rxf5 Kg8 31. Kf2 Re6 32. Rf3 Re7 33. Re3 Rd7 34. Rf3 Re7 35. Re3 Rd7 36. Rf3 Re7 1/2-1/2

[Event "CCT Chessable Masters Play-In 2025"]
[Site "Online"]
[Date "2025.02.17"]
[Round "8.5"]
[White "Vokhidov, Shamsiddin"]
[Black "Artemiev, Vladislav"]
[Result "1/2-1/2"]
[WhiteElo "2670"]
[BlackElo "2691"]
[PlyCount "110"]
[EventDate "2025.02.13"]
[EventType "swiss"]
[EventCountry "NET"]

1. e4 e5 2. Nf3 Nc6 3. Bb5 a6 4. Ba4 Nf6 5. O-O Be7 6. d3 b5 7. Bb3 O-O 8. a4 Rb8 9. axb5 axb5 10. Nc3 d6 11. h3 Nb4 12. Ne2 c5 13. Ng3 Qc7 14. Bd2 Nc6 15. Qe2 Be6 16. Bxe6 fxe6 17. c3 b4 18. Be3 h6 19. d4 bxc3 20. bxc3 cxd4 21. cxd4 exd4 22. Nxd4 Nxd4 23. Bxd4 Ra8 24. Rac1 Qb7 25. Rfd1 Qa6 26. Qe3 Rfc8 27. Ra1 Qb5 28. Rab1 Qc6 29. Bxf6 Bxf6 30. Rb6 Qc5 31. Qb3 Qc4 32. Qxc4 Rxc4 33. Rbxd6 Be5 34. Rxe6 Bxg3 35. fxg3 Ra2 36. Kh2 Rcc2 37. Rg1 Re2 38. g4 Ra4 39. e5 Rae4 40. Rd1 Rxe5 41. Rxe5 Rxe5 42. Kg3 g5 43. Kf3 Kg7 44. Rd4 Ra5 45. Re4 Ra3+ 46. Re3 Ra4 47. g3 Kf6 48. h4 gxh4 49. gxh4 Ra1 50. Rb3 Ra6 51. Rb4 Rc6 52. Rd4 Ra6 53. Ke4 Re6+ 54. Kf4 Rb6 55. Re4 Ra6 1/2-1/2

[Event "CCT Chessable Masters Play-In 2025"]
[Site "Online"]
[Date "2025.02.17"]
[Round "8.6"]
[White "Andreikin, Dmitry"]
[Black "Deac, Bogdan-Daniel"]
[Result "1-0"]
[WhiteElo "2695"]
[BlackElo "2692"]
[PlyCount "159"]
[EventDate "2025.02.13"]
[EventType "swiss"]
[EventCountry "NET"]

1. d4 Nf6 2. c4 e6 3. Nf3 d5 4. e3 a6 5. Nbd2 c5 6. dxc5 Bxc5 7. a3 dxc4 8. Bxc4 b5 9. Be2 Bb7 10. O-O O-O 11. b4 Be7 12. Bb2 Nbd7 13. Nb3 Rc8 14. Rc1 Rxc1 15. Qxc1 Qa8 16. Qa1 Rc8 17. Rc1 Bd5 18. Rxc8+ Qxc8 19. Nfd2 Qc7 20. Qc1 Qxc1+ 21. Nxc1 e5 22. f3 Bd6 23. e4 Be6 24. Ndb3 Ne8 25. Na5 f6 26. Nd3 Bc7 27. Nc6 Nd6 28. Kf1 Nc4 29. Bc1 Kf7 30. g3 Ke8 31. f4 Ndb6 32. Nc5 Bh3+ 33. Ke1 Bc8 34. f5 Nd6 35. Bh5+ Kf8 36. Na7 Ke7 37. Nc6+ Kf8 38. Na7 Ke7 39. Nxc8+ Nbxc8 40. Nxa6 Bb6 41. Be2 Kd7 42. Nc5+ Bxc5 43. bxc5 Nxe4 44. Bxb5+ Kc7 45. Be3 Ne7 46. Bd3 Nc3 47. Kd2 Ned5 48. Bf2 Kc6 49. g4 Na4 50. Be4 Nxc5 51. Bg2 Kd6 52. Kc2 Nf4 53. Bf3 Ncd3 54. Bg3 Nc5 55. Kc3 Nd5+ 56. Kc4 Ne3+ 57. Kc3 Nd5+ 58. Kd2 Nb6 59. Bf2 Nc4+ 60. Kc3 Nxa3 61. h4 Nb5+ 62. Kc4 Nd4 63. Bd1 Ne4 64. Be1 h5 65. Bb4+ Kc7 66. Bf8 hxg4 67. Bxg4 Nxf5 68. Bxf5 Nd6+ 69. Bxd6+ Kxd6 70. h5 e4 71. Kd4 e3 72. Kxe3 Ke5 73. Bg6 f5 74. Kf3 Kf6 75. Kf4 Ke6 76. Kg5 Ke7 77. Kxf5 Kf8 78. Bh7 Kf7 79. Kg5 Kf8 80. Kg6 1-0

[Event "CCT Chessable Masters Play-In 2025"]
[Site "Online"]
[Date "2025.02.17"]
[Round "8.7"]
[White "Sargsyan, Shant"]
[Black "Giri, Anish"]
[Result "0-1"]
[WhiteElo "2660"]
[BlackElo "2728"]
[PlyCount "92"]
[EventDate "2025.02.13"]
[EventType "swiss"]
[EventCountry "NET"]

1. d4 d5 2. Nf3 Nf6 3. Bf4 c5 4. e3 Nc6 5. Nbd2 Nh5 6. Be5 e6 7. Bb5 f6 8. Bg3 Nxg3 9. hxg3 cxd4 10. exd4 Qb6 11. c4 Bd7 12. O-O O-O-O 13. Rc1 Kb8 14. Nb3 dxc4 15. Bxc4 g5 16. Qe2 e5 17. d5 g4 18. dxc6 gxf3 19. Qxf3 Qxc6 20. Bd5 Qb6 21. Nd2 Bc8 22. Nc4 Qa6 23. Ne3 Bh6 24. Rc3 Bxe3 25. Rxe3 h5 26. Ra3 Qd6 27. Qe3 Qxd5 28. Qxa7+ Kc7 29. Ra6 Rd6 30. Rc1+ Kd7 31. Ra5 Qd4 32. Qb8 Rc6 33. Rf1 h4 34. Ra3 h3 35. gxh3 Rxh3 36. Kg2 Ke7 37. Rc3 Qd5+ 38. f3 Qd2+ 39. Rf2 Rh2+ 40. Kxh2 Qxf2+ 41. Kh1 Rxc3 42. bxc3 Qxf3+ 43. Kh2 Qe2+ 44. Kg1 Qd1+ 45. Kf2 Qc2+ 46. Kf1 Qb1+ 0-1

[Event "CCT Chessable Masters Play-In 2025"]
[Site "Online"]
[Date "2025.02.17"]
[Round "8.8"]
[White "Yakubboev, Nodirbek"]
[Black "Grischuk, Alexander"]
[Result "1/2-1/2"]
[WhiteElo "2659"]
[BlackElo "2687"]
[PlyCount "151"]
[EventDate "2025.02.13"]
[EventType "swiss"]
[EventCountry "NET"]

1. d4 d5 2. Nf3 Nf6 3. a3 Bf5 4. c4 c6 5. e3 e6 6. Nh4 Bg4 7. Qb3 Ne4 8. Nf3 Qb6 9. Qc2 Nd7 10. Bd3 Nef6 11. Nbd2 a5 12. b3 Qc7 13. Bb2 Bd6 14. O-O Bh5 15. h3 Bg6 16. e4 dxe4 17. Nxe4 Nxe4 18. Bxe4 Nf6 19. Bxg6 hxg6 20. a4 O-O 21. Rad1 Rad8 22. Rfe1 Rfe8 23. Bc3 Ra8 24. Rd3 b5 25. Red1 bxc4 26. bxc4 Bb4 27. Bb2 Bd6 28. Bc3 Ne4 29. Be1 Nf6 30. Bd2 Ne4 31. Be1 Nf6 32. Rb3 Reb8 33. Rdb1 Rxb3 34. Rxb3 c5 35. Rb5 cxd4 36. Nxd4 Rc8 37. Rxa5 Qxc4 38. Qxc4 Rxc4 39. Ra8+ Kh7 40. Nf3 Ne4 41. Kf1 Rc2 42. a5 Ra2 43. h4 f6 44. Nd4 Bc5 45. Nxe6 Bxf2 46. Bxf2 Rxf2+ 47. Kg1 Ra2 48. a6 g5 49. hxg5 Nxg5 50. Nc5 Ra5 51. Rc8 f5 52. Rc6 Ne4 53. Ne6 g5 54. Nd4 f4 55. Kf1 Ra2 56. Ne6 Ng3+ 57. Ke1 Ne4 58. Rc4 Nf6 59. Nc5 Nd5 60. Ra4 Rxa4 61. Nxa4 Nc7 62. a7 Kg6 63. Ke2 Kf5 64. Nc5 g4 65. Kd3 f3 66. g3 Ke5 67. Ne4 Na8 68. Nf2 Kd6 69. Nxg4 Kc7 70. Ne5 Kb7 71. g4 Nc7 72. g5 Ne6 73. g6 Nf4+ 74. Ke3 Nxg6 75. Nxg6 Kxa7 76. Kxf3 1/2-1/2

[Event "CCT Chessable Masters Play-In 2025"]
[Site "Online"]
[Date "2025.02.17"]
[Round "8.9"]
[White "Theodorou, Nikolas"]
[Black "Niemann, Hans Moke"]
[Result "0-1"]
[WhiteElo "2611"]
[BlackElo "2734"]
[PlyCount "152"]
[EventDate "2025.02.13"]
[EventType "swiss"]
[EventCountry "NET"]

1. d4 Nf6 2. c4 e6 3. Nf3 b6 4. a3 Bb7 5. Nc3 Be7 6. d5 O-O 7. e4 d6 8. Bd3 a5 9. O-O Nbd7 10. Re1 Nc5 11. Bc2 Nfd7 12. Bd2 Ne5 13. Nxe5 dxe5 14. Be3 Na6 15. Qh5 Bf6 16. Rad1 Qe7 17. Ba4 Rad8 18. h3 Nc5 19. Bc2 Na6 20. Nb5 g6 21. Qh6 Nc5 22. Nc3 Nd7 23. Nb5 Nc5 24. Nc3 Bc8 25. Bc1 Nb7 26. Qe3 Bg7 27. Qg3 Nd6 28. b3 Rde8 29. dxe6 fxe6 30. Bg5 Bf6 31. h4 Bxg5 32. Qxg5 Qxg5 33. hxg5 Nf7 34. Nb5 Re7 35. b4 axb4 36. axb4 Nxg5 37. c5 bxc5 38. bxc5 Ba6 39. Na7 Bb7 40. Rb1 c6 41. Rb6 Rc7 42. Ba4 Ra8 43. Nxc6 Rxa4 44. Nxe5 Nf7 45. c6 Ba8 46. Nd7 Bxc6 47. Nc5 Ra8 48. Nxe6 Rcc8 49. f3 Be8 50. Nf4 Rcb8 51. Reb1 Rxb6 52. Rxb6 Ne5 53. Rb7 Bf7 54. Kf2 Ra2+ 55. Kg3 g5 56. Nh3 h6 57. Nf2 Kf8 58. Rb5 Ng6 59. Rb8+ Kg7 60. Nd3 Nh4 61. Nf2 Ng6 62. Nd3 Rd2 63. Nf2 Nf4 64. Rb7 Nh5+ 65. Kh2 Rxf2 66. Kg1 Re2 67. e5 Rxe5 68. Kf2 Nf4 69. g3 Nd3+ 70. Kg2 Kf6 71. Rb6+ Be6 72. Rb8 Re2+ 73. Kg1 Bh3 74. Rf8+ Kg7 75. Rd8 Ne5 76. Kh1 Bg2+ 0-1

[Event "CCT Chessable Masters Play-In 2025"]
[Site "Online"]
[Date "2025.02.17"]
[Round "8.10"]
[White "Mamedov, Rauf"]
[Black "Santos Latasa, Jaime"]
[Result "1-0"]
[WhiteElo "2656"]
[BlackElo "2631"]
[PlyCount "67"]
[EventDate "2025.02.13"]
[EventType "swiss"]
[EventCountry "NET"]

1. e4 c5 2. c3 Nf6 3. e5 Nd5 4. Bc4 Nb6 5. Bb3 d5 6. exd6 Qxd6 7. Na3 a6 8. Ne2 Nc6 9. O-O Be6 10. d4 cxd4 11. Bf4 Qd7 12. Nxd4 Nxd4 13. cxd4 Bxb3 14. Qxb3 Nd5 15. Qf3 Qf5 16. Nc4 Nxf4 17. Rfe1 Qd5 18. Qxf4 Qxc4 19. Rac1 Qd5 20. Rc5 Qd8 21. Rc7 g5 22. Qe5 f6 23. Qc5 Kf7 24. d5 Kg6 25. h4 gxh4 26. Re6 h5 27. d6 exd6 28. Qc2+ Kh6 29. Qd2+ Kg6 30. Qd3+ Kh6 31. Qe3+ Kg6 32. Qe4+ Kh6 33. Qf4+ Kg6 34. Rd7 1-0

[Event "CCT Chessable Masters Play-In 2025"]
[Site "Online"]
[Date "2025.02.17"]
[Round "8.11"]
[White "Sjugirov, Sanan"]
[Black "Esipenko, Andrey"]
[Result "1/2-1/2"]
[WhiteElo "2643"]
[BlackElo "2695"]
[PlyCount "43"]
[EventDate "2025.02.13"]
[EventType "swiss"]
[EventCountry "NET"]

1. e4 e5 2. Nf3 Nc6 3. Bb5 a6 4. Ba4 Nf6 5. O-O Be7 6. Bxc6 dxc6 7. d3 Bd6 8. Nbd2 Be6 9. Ng5 Bg4 10. f3 Bh5 11. Nc4 Nd7 12. Qe1 Qe7 13. Nxd6+ cxd6 14. f4 f6 15. Nf3 Nc5 16. Nh4 Ne6 17. Nf5 Qd7 18. Qg3 Bg6 19. Nh4 Bh5 20. Nf5 Bg6 21. Nh4 Bh5 22. Nf5 1/2-1/2

[Event "CCT Chessable Masters Play-In 2025"]
[Site "Online"]
[Date "2025.02.17"]
[Round "8.12"]
[White "Bortnyk, Olexandr"]
[Black "Sindarov, Javokhir"]
[Result "1/2-1/2"]
[WhiteElo "2601"]
[BlackElo "2700"]
[PlyCount "117"]
[EventDate "2025.02.13"]
[EventType "swiss"]
[EventCountry "NET"]

1. e4 c5 2. c3 Nf6 3. e5 Nd5 4. Nf3 d6 5. Bb5+ Nc6 6. d4 cxd4 7. Qxd4 Nc7 8. Bxc6+ bxc6 9. O-O Ne6 10. Qh4 f6 11. exd6 exd6 12. Re1 Kf7 13. Na3 Be7 14. Be3 d5 15. Rad1 Rb8 16. Rd2 Qa5 17. Nd4 Nxd4 18. Bxd4 Rb7 19. Qh5+ g6 20. Qh4 Bd8 21. Qh6 Bf5 22. Rde2 g5 23. c4 Qc7 24. Nc2 Qf4 25. Be3 Qxc4 26. Nd4 Bg6 27. h4 c5 28. Rc1 Qd3 29. Rxc5 Bb6 30. Rc1 Bxd4 31. Rd2 Bxe3 32. Rxd3 Bxc1 33. Rxd5 Re8 34. hxg5 Re1+ 35. Kh2 Bf4+ 36. g3 Bxg5 37. Rxg5 fxg5 38. Qxg5 Rbe7 39. Qd5+ Kg7 40. Qd4+ Kg8 41. Qd8+ Kf7 42. Qd5+ R1e6 43. g4 Be4 44. Qc4 Kf8 45. Qc8+ Kg7 46. Qc3+ Kg8 47. Qc8+ Re8 48. Qc4 Kf8 49. Qc5+ Kf7 50. Qc7+ R8e7 51. Qc4 Kg7 52. Qd4+ Kg6 53. f4 Kf7 54. Qc4 Kf8 55. Qc8+ Re8 56. Qc5+ R8e7 57. Qc8+ Kf7 58. Qc4 Kf8 59. Qc8+ 1/2-1/2

[Event "CCT Chessable Masters Play-In 2025"]
[Site "Online"]
[Date "2025.02.17"]
[Round "8.13"]
[White "Lobanov, Sergei"]
[Black "Aravindh, Chithambaram VR."]
[Result "0-1"]
[WhiteElo "2508"]
[BlackElo "2729"]
[PlyCount "158"]
[EventDate "2025.02.13"]
[EventType "swiss"]
[EventCountry "NET"]

1. d4 Nf6 2. c4 g6 3. Nc3 Bg7 4. e4 d6 5. h3 O-O 6. Be3 Nc6 7. d5 Ne5 8. f4 Ned7 9. Be2 e5 10. dxe6 fxe6 11. g4 Nc5 12. Qc2 b5 13. cxb5 Bb7 14. Bxc5 dxc5 15. Nf3 Nd7 16. O-O-O Rxf4 17. Qd2 Rf7 18. Ng5 Bh6 19. h4 Qe7 20. Bc4 Re8 21. Kb1 Ne5 22. Be2 Ref8 23. Qe3 Rf2 24. Rd2 Rg2 25. Rhd1 Bc8 26. Na4 Rh2 27. Qg3 Rxh4 28. Qxe5 Qxg5 29. Qxc7 Rh1 30. Rxh1 Qxd2 31. Nc3 Bg7 32. Rd1 Qg5 33. Bc4 Bd4 34. Rh1 h5 35. gxh5 Qg2 36. Qh2 Qxh2 37. Rxh2 g5 38. Rg2 Be3 39. a4 Kg7 40. Kc2 Kh6 41. a5 Kxh5 42. Kd3 Bf4 43. Na4 Rd8+ 44. Kc2 Be3 45. b6 axb6 46. Nxb6 Bb7 47. Re2 Bf4 48. a6 Rd6 49. axb7 Rxb6 50. e5 Rxb7 51. Bxe6 Re7 52. Bd5 Bxe5 53. Kd3 g4 54. b3 g3 55. Bf3+ Kg5 56. Re4 Rd7+ 57. Ke2 Kf6 58. Rg4 Ra7 59. Be4 Ra2+ 60. Kf3 Rf2+ 61. Ke3 Rb2 62. Rg6+ Ke7 63. Rg5 Kd6 64. Rg6+ Ke7 65. Kf3 Rf2+ 66. Kg4 Bd4 67. Rg5 Re2 68. Kh5 Rxe4 69. Rxg3 Re5+ 70. Kh4 Kd6 71. Kh3 Kd5 72. Rg6 Re3+ 73. Kg4 Rxb3 74. Kh5 Kc4 75. Rg8 Rb5 76. Rd8 Rb4 77. Kg6 Rb3 78. Kf7 Re3 79. Kg6 Rf3 0-1

[Event "CCT Chessable Masters Play-In 2025"]
[Site "Online"]
[Date "2025.02.17"]
[Round "8.14"]
[White "Le, Tuan Minh"]
[Black "Fressinet, Laurent"]
[Result "1-0"]
[WhiteElo "2598"]
[BlackElo "2588"]
[PlyCount "113"]
[EventDate "2025.02.13"]
[EventType "swiss"]
[EventCountry "NET"]

1. d4 Nf6 2. Nf3 g6 3. Nbd2 Bg7 4. e4 d6 5. Bb5+ Nc6 6. O-O O-O 7. Re1 a6 8. Bxc6 bxc6 9. c3 a5 10. a4 Nd7 11. Nb3 Bb7 12. h3 Qb8 13. Bg5 Re8 14. e5 e6 15. Bf4 c5 16. Nbd2 cxd4 17. cxd4 Bd5 18. b3 dxe5 19. dxe5 Nc5 20. Re3 Qb4 21. Bg5 Rab8 22. Qc2 Rb7 23. Rb1 h6 24. Bf6 Bf8 25. Nh4 Kh7 26. Rbe1 Nxb3 27. Nxg6 fxg6 28. Rg3 Be4 29. Qxe4 Qxe4 30. Nxe4 Nd4 31. Rc3 c5 32. Kh2 Rc7 33. Rb1 Rec8 34. Nd6 Ra8 35. Rb6 Kg8 36. f4 Ne2 37. Rc4 Nd4 38. Bh4 Nf5 39. Bf2 Ne7 40. Nb5 Rc6 41. Rxc6 Nxc6 42. Nc7 Rb8 43. Nxe6 Rb4 44. Rc1 c4 45. Nxf8 Rxa4 46. Nxg6 Ra2 47. Bc5 a4 48. Rxc4 Na5 49. Rb4 Nb3 50. Bd6 Nd2 51. e6 Nf3+ 52. Kg3 Ne1 53. f5 Rxg2+ 54. Kh4 Rg5 55. Rb8+ Kh7 56. Rh8+ Kg7 57. Be5# 1-0